[Event "FIDE Grand Prix 2 Pool A"]
[Site "Belgrade SRB"]
[Date "2022.03.01"]
[Round "1.1"]
[White "Grischuk,A"]
[Black "Andreikin,D"]
[Result "0-1"]
[WhiteElo "2764"]
[BlackElo "2724"]

1.e4 c5 2.Nf3 e6 3.d4 cxd4 4.Nxd4 Nc6 5.Nc3 a6 6.Be3 Nf6 7.a3 d6 8.f4 Qc7
9.Bd3 Be7 10.O-O O-O 11.Kh1 Re8 12.Qf3 Bd7 13.Rae1 Rac8 14.Qg3 Nh5 15.Qf3 g6
16.f5 Ne5 17.Qh3 Qd8 18.fxe6 fxe6 19.Nxe6 Qa5 20.Nd5 Bd8 21.Bh6 Qxe1 22.Rxe1 Bxe6
23.Qe3 Ng4 24.Qd2 Nxh6 25.Be2 Ng7 26.Rf1 Nf7 27.Nf6+ Bxf6 28.Rxf6 Rc5 29.h3 Nh5
30.Bxh5 Rxh5 31.Qf2 Re5 32.Qb6 Re7 33.Rf4 g5 34.Rf2 Rxe4 35.b3 Bd5  0-1

[Event "FIDE Grand Prix 2 Pool B"]
[Site "Belgrade SRB"]
[Date "2022.03.01"]
[Round "1.1"]
[White "Harikrishna,P"]
[Black "Vitiugov,N"]
[Result "0-1"]
[WhiteElo "2719"]
[BlackElo "2726"]

1.e4 c5 2.Nf3 e6 3.d4 cxd4 4.Nxd4 Nf6 5.Nc3 Nc6 6.Qd3 d5 7.exd5 Nb4 8.Qg3 Bc5
9.a3 Nbxd5 10.Bb5+ Kf8 11.Nde2 Bd7 12.Bxd7 Qxd7 13.Nxd5 Ne4 14.Qb3 Bxf2+
15.Kf1 exd5 16.Be3 Qf5 17.Nd4 Qf6 18.Nf3 Bxe3 19.Qxe3 Qxb2 20.Re1 Qxc2 21.Kg1 Qc5
22.Nd4 Rc8 23.h4 h5 24.Kh2 Qd6+  0-1

[Event "FIDE Grand Prix 2 Pool B"]
[Site "Belgrade SRB"]
[Date "2022.03.01"]
[Round "1.2"]
[White "Giri,A"]
[Black "Tabatabaei,M"]
[Result "1-0"]
[WhiteElo "2772"]
[BlackElo "2623"]

1.e4 e5 2.Nf3 Nc6 3.Bc4 Nf6 4.d3 Bc5 5.O-O O-O 6.h3 d5 7.exd5 Nxd5 8.Nbd2 Be6
9.Ne4 Bb6 10.b4 Ndxb4 11.Bxe6 fxe6 12.Rb1 h6 13.Nxe5 Nxe5 14.Rxb4 a5 15.Rb1 Qh4
16.Qe2 Rad8 17.Kh2 Qe7 18.f4 Nd7 19.Rf3 Nf6 20.Bd2 Qa3 21.Nc3 Rde8 22.Qe5 Nd7
23.Qb5 Qe7 24.Qc4 Kh8 25.Ne4 c6 26.d4 Rb8 27.Rfb3 Qd8 28.Qxe6 Bxd4 29.Rxb7 Rxb7
30.Rxb7 Nc5 31.Nxc5 Bxc5 32.Rd7 Qf6 33.Qxf6 Rxf6 34.Bc3 Rxf4 35.Bxg7+ Kg8
36.Bxh6 Ra4 37.g4 Rxa2 38.g5 Rxc2+ 39.Kg3 Be3 40.Rd8+ Kh7 41.Kg4 Rd2 42.Re8 Bc5
43.Kh5 Rd5 44.Ra8 Bd4 45.h4 Bc3 46.Bf8 Bd4 47.Rc8 a4 48.Ra8 c5 49.Rxa4 Rd8
50.Ra7+ Kg8 51.Be7 Rc8 52.Kg6 c4 53.Rd7 Bh8 54.Bf6 c3 55.Rh7 Bxf6 56.gxf6 Rc6
57.Rd7 Rc8 58.Rg7+  1-0

[Event "FIDE Grand Prix 2 Pool C"]
[Site "Belgrade SRB"]
[Date "2022.03.01"]
[Round "1.2"]
[White "Vidit,S"]
[Black "Shirov,A"]
[Result "1-0"]
[WhiteElo "2727"]
[BlackElo "2704"]

1.e4 c5 2.Nf3 d6 3.d4 cxd4 4.Nxd4 Nf6 5.Nc3 a6 6.Qd3 Nbd7 7.Be2 b5 8.Nd5 Bb7
9.a4 Nc5 10.Nxf6+ gxf6 11.Qe3 bxa4 12.f3 e5 13.Nf5 d5 14.exd5 Qxd5 15.Qf2 e4
16.Ne3 Qc6 17.O-O O-O-O 18.Nc4 Qe6 19.b3 axb3 20.cxb3 Nxb3 21.Nb6+ Kb8 22.Bf4+ Bd6
23.Bc4 Qe8 24.Bxd6+ Rxd6 25.Bxb3 Rg8 26.Nc4 Rd3 27.Bc2 exf3 28.g3 Rc3 29.Na5 Qe2
30.Bxh7  1-0

[Event "FIDE Grand Prix 2 Pool C"]
[Site "Belgrade SRB"]
[Date "2022.03.01"]
[Round "1.1"]
[White "Rapport,R"]
[Black "Fedoseev,Vl3"]
[Result "1/2-1/2"]
[WhiteElo "2763"]
[BlackElo "2704"]

1.d4 Nf6 2.c4 e6 3.Nc3 Bb4 4.Qc2 O-O 5.a3 Bxc3+ 6.Qxc3 b6 7.Bg5 Bb7 8.e3 h6
9.Bh4 Re8 10.Ne2 d6 11.Rd1 Nbd7 12.Qc2 g5 13.Bg3 Be4 14.Qc1 e5 15.h4 g4 16.h5 Qe7
17.Nc3 Qf8 18.dxe5 Nxe5 19.Bh4 Ned7 20.Be2 Qg7 21.Kf1 Re5 22.Bg3 Rf5 23.Kg1 Re8
24.Rd4 Nc5 25.Qd1 Nxh5 26.Bh4 Bf3 27.Rxg4 Qxg4 28.Bxf3 Rxf3 29.Qxf3 Qxf3
30.gxf3 c6 31.Kg2 Re6 32.Rd1 f5 33.Ne2 Nb3 34.Bg3 Rg6 35.Kh3 Na5 36.Rc1 c5
37.b4 Nc6 38.bxc5  1/2-1/2

[Event "FIDE Grand Prix 2 Pool A"]
[Site "Belgrade SRB"]
[Date "2022.03.01"]
[Round "1.2"]
[White "Bacrot,E"]
[Black "Shankland,S"]
[Result "1/2-1/2"]
[WhiteElo "2642"]
[BlackElo "2708"]

1.e4 c5 2.Nf3 d6 3.Bb5+ Nd7 4.Ba4 Nf6 5.O-O a6 6.c4 e6 7.Nc3 Be7 8.d4 cxd4
9.Nxd4 Qc7 10.Qe2 O-O 11.Kh1 Ne5 12.Bb3 Bd7 13.f4 Nc6 14.Nf3 Rfc8 15.e5 Ne8
16.Bc2 g6 17.Bd2 Nb4 18.Bb3 a5 19.Nb5 Qd8 20.Bc3 d5 21.Bxb4 Bxb4 22.cxd5 Bxb5
23.Qxb5 Nc7 24.Qxb7 Rab8 25.Qa7 Nxd5 26.Ng5 Qc7 27.Qf2 Be7 28.Ne4 Nb6 29.Nc3 Qc5
30.Qg3 Kh8 31.Rae1 Qc6 32.Ne4 a4 33.Bd1 Nd5 34.Ng5 Kg8 35.b3 a3 36.f5 exf5
37.Rxf5 Bxg5 38.Qxg5 Qc1 39.e6 Qxg5 40.exf7+ Kf8 41.Rxg5 Nb4 42.Bg4 Rc2 43.Be6 Rxa2
44.Ra5 Rb2 45.Rxa3 Nc2 46.Raa1  1/2-1/2

[Event "FIDE Grand Prix 2 Pool B"]
[Site "Belgrade SRB"]
[Date "2022.03.02"]
[Round "2.2"]
[White "Tabatabaei,M"]
[Black "Harikrishna,P"]
[Result "1/2-1/2"]
[WhiteElo "2623"]
[BlackElo "2719"]

1.e4 c6 2.d4 d5 3.Nd2 dxe4 4.Nxe4 Nf6 5.Nxf6+ exf6 6.c3 Bd6 7.Bd3 O-O 8.Qc2 Re8+
9.Ne2 h6 10.O-O Nd7 11.Bd2 Nf8 12.Rae1 Qc7 13.h3 Be6 14.f4 c5 15.f5 Bd7 16.dxc5 Qxc5+
17.Nd4 Bc6 18.b4 Qb6 19.Kh1 Rac8 20.Nxc6 bxc6 21.c4 Rxe1 22.Rxe1 Qf2 23.Re4 Qg3
24.Kg1 Qh2+ 25.Kf1 Rd8 26.c5 Bg3 27.Qc4 Qh1+ 28.Ke2 Qxg2+ 29.Kd1 Be5 30.Kc2 Qxh3
31.Re3 Qg2 32.Qe4 Qg1 33.Re1 Qg3 34.Re3 Qg1 35.Re1 Qg3 36.Re3  1/2-1/2

[Event "FIDE Grand Prix 2 Pool C"]
[Site "Belgrade SRB"]
[Date "2022.03.02"]
[Round "2.1"]
[White "Vidit,S"]
[Black "Fedoseev,Vl3"]
[Result "1-0"]
[WhiteElo "2727"]
[BlackElo "2704"]

1.d4 Nf6 2.c4 e6 3.Nc3 Bb4 4.Qc2 O-O 5.a3 Bxc3+ 6.Qxc3 b6 7.Bg5 Bb7 8.f3 d5
9.cxd5 exd5 10.e3 Re8 11.Bb5 c6 12.Ba4 Nbd7 13.Ne2 h6 14.Bh4 Ba6 15.Bd1 Qe7
16.Bf2 c5 17.Qd2 Rac8 18.O-O Nb8 19.Re1 Nc6 20.Nc3 Na5 21.b3 Qd8 22.Rc1 Re6
23.dxc5 bxc5 24.Na4 Rec6 25.Bh4 Nb7 26.Bc2 Qa5 27.Qxa5 Nxa5 28.Rcd1 g5 29.Bg3 Re6
30.Bf5 Nxb3 31.h4 Rcc6 32.Bxe6 fxe6 33.hxg5 hxg5 34.Kf2 c4 35.Be5 Nd7 36.Bc3 Bb5
37.Nb2 Ndc5 38.Rh1 Nd3+ 39.Nxd3 cxd3 40.Rh8+ Kf7 41.Rh7+ Ke8 42.a4 Bxa4 43.Bf6 e5
44.Bxg5 Nc5 45.Rdh1 Kf8 46.Rxa7 Kg8 47.e4 dxe4 48.Rhh7 Ne6 49.Bd2 Rc2 50.Ke3 exf3
51.gxf3 Bc6 52.Rhe7 Nc5 53.Rec7 Bb7 54.Rxc5 Rxc5 55.Rxb7  1-0

[Event "FIDE Grand Prix 2 Pool C"]
[Site "Belgrade SRB"]
[Date "2022.03.02"]
[Round "2.2"]
[White "Shirov,A"]
[Black "Rapport,R"]
[Result "1/2-1/2"]
[WhiteElo "2704"]
[BlackElo "2763"]

1.e4 e5 2.Nf3 Nf6 3.d4 Nxe4 4.Bd3 Nc6 5.Nxe5 Nxe5 6.Bxe4 d5 7.dxe5 dxe4 8.Qxd8+ Kxd8
9.Nc3 Bb4 10.Bd2 Bxc3 11.Bxc3 Ke7 12.O-O-O Bf5 13.Rd4 Rhd8 14.Rhd1 Rxd4 15.Rxd4 Rd8
16.Bb4+ Ke8 17.Rxd8+ Kxd8 18.Bf8 g6 19.Kd2 h5 20.Ke3 Kd7 21.c3 a5 22.b4 axb4
23.cxb4 b5 24.a3 Ke8 25.Bh6 Kd7 26.Kd4 Kc6 27.g3 Kd7 28.Kd5 c6+ 29.Kd4 Ke6
30.h4 Kd7  1/2-1/2

[Event "FIDE Grand Prix 2 Pool B"]
[Site "Belgrade SRB"]
[Date "2022.03.02"]
[Round "2.1"]
[White "Giri,A"]
[Black "Vitiugov,N"]
[Result "1-0"]
[WhiteElo "2772"]
[BlackElo "2726"]

1.e4 e5 2.Nf3 Nc6 3.Bc4 Bc5 4.O-O Nf6 5.d3 d6 6.c3 h6 7.Re1 O-O 8.Nbd2 a5
9.h3 Be6 10.b3 d5 11.exd5 Nxd5 12.Ne4 Bb6 13.Qd2 Qc8 14.Ng3 f6 15.d4 Qd7
16.Ba3 Rf7 17.Re4 a4 18.b4 Nf4 19.Bxe6 Nxe6 20.Rae1 Ng5 21.Nxg5 hxg5 22.b5 Na7
23.h4 Nxb5 24.hxg5 fxg5 25.Qxg5 Nxa3 26.Rh4 Re8 27.Qh5 Rf6 28.Ne4 Rf5 29.Ng5 Rxg5
30.Qxg5 c5 31.Qg6 Bd8 32.Rh7  1-0

[Event "FIDE Grand Prix 2 Pool A"]
[Site "Belgrade SRB"]
[Date "2022.03.02"]
[Round "2.2"]
[White "Shankland,S"]
[Black "Grischuk,A"]
[Result "1-0"]
[WhiteElo "2708"]
[BlackElo "2764"]

1.d4 Nf6 2.c4 e6 3.Nc3 Bb4 4.Qc2 O-O 5.a3 Bxc3+ 6.Qxc3 d5 7.Nf3 b6 8.Bg5 dxc4
9.Qxc4 c5 10.dxc5 bxc5 11.Nd2 Ba6 12.Qc2 h6 13.Bh4 Nbd7 14.e3 Bxf1 15.Rxf1 c4
16.Ke2 Qb8 17.Bg3 Qb7 18.f3 Rfc8 19.Rfc1 Nc5 20.Qxc4 Nce4 21.Qb3 Qa6+ 22.Nc4 Rc6
23.fxe4 Rac8 24.Qd3 Rxc4 25.Rxc4 Qxc4 26.Qxc4 Rxc4 27.Kd3 Rc8 28.Rd1 Rd8+
29.Ke2 Rxd1 30.Kxd1 Nxe4 31.Kc2 Kf8 32.Kd3 Nxg3 33.hxg3 Ke7 34.Kc4 h5 35.Kc5 Kd7
36.b4 g5 37.b5 h4 38.gxh4 gxh4 39.a4  1-0

[Event "FIDE Grand Prix 2 Pool A"]
[Site "Belgrade SRB"]
[Date "2022.03.02"]
[Round "2.1"]
[White "Bacrot,E"]
[Black "Andreikin,D"]
[Result "1/2-1/2"]
[WhiteElo "2642"]
[BlackElo "2724"]

1.e4 e5 2.Nf3 Nc6 3.Bb5 a6 4.Ba4 d6 5.O-O Bd7 6.c3 g6 7.d4 Bg7 8.Re1 Nf6
9.Nbd2 O-O 10.h3 Re8 11.Bc2 Qe7 12.Nf1 Qf8 13.Bg5 h6 14.Bd2 Rad8 15.d5 Ne7
16.c4 Nh5 17.b4 f5 18.exf5 Bxf5 19.Rc1 Qf7 20.g4 Bxc2 21.Rxc2 Rf8 22.Kg2 Nf6
23.Ng3 Ne8 24.Bg5 Qxf3+ 25.Qxf3 Rxf3 26.Bxe7 Rxg3+ 27.Kxg3 Rd7 28.Bxd6 cxd6
29.a4 Nf6 30.a5 Rc7 31.Ree2 Kf7 32.h4 Bf8 33.f4 Be7 34.Kf3 exf4 35.Kxf4 Nd7
36.g5 hxg5+ 37.hxg5 Ne5 38.Re4 Nd3+ 39.Ke3 Ne5 40.Kf4 Nd3+ 41.Ke3 Ne5  1/2-1/2

[Event "FIDE Grand Prix 2 Pool B"]
[Site "Belgrade SRB"]
[Date "2022.03.03"]
[Round "3.2"]
[White "Harikrishna,P"]
[Black "Giri,A"]
[Result "1/2-1/2"]
[WhiteElo "2719"]
[BlackElo "2772"]

1.e4 e5 2.Nf3 Nc6 3.Bb5 a6 4.Ba4 Nf6 5.O-O Nxe4 6.d4 b5 7.Bb3 d5 8.dxe5 Be6
9.Nbd2 Nc5 10.c3 Be7 11.Bc2 d4 12.Nb3 d3 13.Bb1 Nxb3 14.axb3 Bf5 15.Be3 O-O
16.Bd4 Qd5 17.Re1 b4 18.Bxd3 Bxd3 19.Qxd3 bxc3 20.bxc3 Qxb3 21.e6 fxe6 22.Qe2 a5
23.c4 Qxf3 24.gxf3 Nxd4 25.Qe4 Nxf3+ 26.Kh1 Nxe1 27.Qxe6+ Rf7 28.Rxe1 Rf8
29.Rd1 Kh8 30.Rd7 Rxf2 31.Qxe7 Rf1+ 32.Kg2 R1f2+ 33.Kg1 Rf1+ 34.Kg2 R1f2+
35.Kg1  1/2-1/2

[Event "FIDE Grand Prix 2 Pool A"]
[Site "Belgrade SRB"]
[Date "2022.03.03"]
[Round "3.2"]
[White "Grischuk,A"]
[Black "Bacrot,E"]
[Result "1/2-1/2"]
[WhiteElo "2764"]
[BlackElo "2642"]

1.e4 e5 2.Nf3 Nf6 3.Nxe5 d6 4.Nf3 Nxe4 5.d4 d5 6.Bd3 Bd6 7.O-O O-O 8.c4 c6
9.cxd5 cxd5 10.Nc3 Nxc3 11.bxc3 Bg4 12.Rb1 Nd7 13.h3 Bh5 14.Rb5 Nf6 15.Bg5 a6
16.Bxf6 Qxf6 17.Rxd5 Bxf3 18.Qxf3 Qxf3 19.gxf3 Rfd8 20.Kg2 b5 21.c4 Ba3 22.Rxd8+ Rxd8
23.cxb5 axb5 24.Bxb5 Rxd4 25.Re1 g6 26.Re3 Bb4 27.Re4 Bc5 28.a4 Rd2 29.Re2 Rxe2
30.Bxe2 Bb6 31.f4 f5 32.Kf3  1/2-1/2

[Event "FIDE Grand Prix 2 Pool A"]
[Site "Belgrade SRB"]
[Date "2022.03.03"]
[Round "3.1"]
[White "Andreikin,D"]
[Black "Shankland,S"]
[Result "1/2-1/2"]
[WhiteElo "2724"]
[BlackElo "2708"]

1.d4 Nf6 2.c4 g6 3.Nc3 d5 4.cxd5 Nxd5 5.e4 Nxc3 6.bxc3 Bg7 7.Nf3 c5 8.Bb5+ Nc6
9.O-O O-O 10.Bxc6 bxc6 11.Qc2 cxd4 12.cxd4 Bg4 13.Ne5 Qxd4 14.Bb2 Qb6 15.Rab1 Bxe5
16.Bxe5 Qa5 17.Bc3 Qc5 18.Qb2 a5 19.Rfc1 Qd6 20.Be5 Qd7 21.Qc3 Rfd8 22.Qxc6 Rac8
23.Qxd7 Rxc1+ 24.Rxc1 Bxd7 25.Bc7 Rc8 26.Bf4 Rxc1+ 27.Bxc1 f6 28.f3 Kf7 29.a4 Bxa4
30.Bd2 Bb5  1/2-1/2

[Event "FIDE Grand Prix 2 Pool B"]
[Site "Belgrade SRB"]
[Date "2022.03.03"]
[Round "3.1"]
[White "Vitiugov,N"]
[Black "Tabatabaei,M"]
[Result "1/2-1/2"]
[WhiteElo "2726"]
[BlackElo "2623"]

1.c4 e6 2.Nc3 d5 3.d4 Nf6 4.cxd5 exd5 5.Bg5 c6 6.e3 Bf5 7.Qf3 Bg6 8.Bxf6 Qxf6
9.Qxf6 gxf6 10.Nf3 Nd7 11.Nh4 Be7 12.Ne2 f5 13.Nf3 Bb4+ 14.Kd1 Bd6 15.Ne1 Bh5
16.Nd3 Bxe2+ 17.Kxe2 Ke7 18.g3 a5 19.Bh3 Kf6 20.a4 Ra6 21.b3 Rb6 22.Rab1 h5
23.Kf3 Nf8 24.Ke2 Ne6 25.f4 Ng7 26.Ne5 Ke6 27.Kd3 Bb4 28.Nf3 Ne8 29.Nh4 Nd6
30.Rhc1 Kf6 31.Rc2 Ra6 32.Rbc1 Raa8 33.Re2 Rae8 34.Rcc2 Re7 35.Rc1 Rc8 36.Rec2 Rce8
37.Re2 Ba3 38.Ra1 Bb4 39.Rc1 Ba3 40.Ra1 Bb4  1/2-1/2

[Event "FIDE Grand Prix 2 Pool C"]
[Site "Belgrade SRB"]
[Date "2022.03.03"]
[Round "3.1"]
[White "Fedoseev,Vl3"]
[Black "Shirov,A"]
[Result "1-0"]
[WhiteElo "2704"]
[BlackElo "2704"]

1.d4 d5 2.c4 c6 3.Nf3 Nf6 4.Nc3 e6 5.Qd3 b6 6.cxd5 Ba6 7.Qc2 cxd5 8.Bf4 Nbd7
9.Qa4 Qc8 10.Ne5 b5 11.Qa5 b4 12.Nb5 Bxb5 13.Qxb5 Qc2 14.Nd3 Qc4 15.Qa4 Qxd4
16.Qc6 Rd8 17.Bc7 Rc8 18.Qb7 Rxc7 19.Qxc7 Be7 20.e3 Qe4 21.Qxa7 O-O 22.Rc1 b3
23.axb3 Rb8 24.f3 Qh4+ 25.g3 Qh6 26.Be2 g6 27.Ne5 Rxb3 28.Nxd7 Nxd7 29.Qxd7 Bb4+
30.Kf1 Qxe3 31.Rc7  1-0

[Event "FIDE Grand Prix 2 Pool C"]
[Site "Belgrade SRB"]
[Date "2022.03.04"]
[Round "4.2"]
[White "Shirov,A"]
[Black "Vidit,S"]
[Result "1/2-1/2"]
[WhiteElo "2704"]
[BlackElo "2727"]

1.e4 e5 2.Nf3 Nc6 3.Bb5 a6 4.Ba4 Nf6 5.O-O Nxe4 6.d4 b5 7.Bb3 d5 8.dxe5 Be6
9.Nbd2 Be7 10.Nxe4 dxe4 11.Bxe6 fxe6 12.Ng5 Bxg5 13.Qh5+ g6 14.Qxg5 O-O 15.Qg4 Qd5
16.Bh6 Nxe5 17.Qh4 Rfd8 18.Qf6 Rd7 19.h3 Nc4 20.Rad1 Qe5 21.Qxe5 Nxe5 22.Bf4 Rxd1
23.Rxd1 Nc4 24.b3 Nd6 25.Rd4 Kf7 26.Bxd6 cxd6 27.Rxd6 Rc8 28.Rxa6 h5 29.a4 e3
30.fxe3 bxa4 31.Rxa4 Rxc2 32.Rf4+ Ke7 33.b4 Rb2 34.h4 e5 35.Rc4 Kd6 36.e4 Rb1+
37.Kf2 Rb2+ 38.Kf3 Rb3+ 39.Ke2 Rb2+ 40.Kd3 Rxg2 41.b5 Rg3+ 42.Kc2 Ra3 43.Rc6+ Kd7
44.Rc5 Kd6 45.Rd5+ Kc7 46.Rxe5 Rh3 47.Rg5 Rxh4 48.Kd3 Rh1 49.Rxg6 h4 50.Rc6+ Kd7
51.Kd4 h3 52.Rc2 Kd6 53.e5+ Ke6 54.b6 Rb1 55.Rc6+ Kd7 56.Rh6 h2 57.Rxh2 Rxb6  1/2-1/2

[Event "FIDE Grand Prix 2 Pool C"]
[Site "Belgrade SRB"]
[Date "2022.03.04"]
[Round "4.1"]
[White "Fedoseev,Vl3"]
[Black "Rapport,R"]
[Result "1/2-1/2"]
[WhiteElo "2704"]
[BlackElo "2763"]

1.e4 e5 2.Nf3 Nf6 3.Nxe5 d6 4.Nf3 Nxe4 5.d4 d5 6.Bd3 Bd6 7.O-O O-O 8.c4 c6
9.Nc3 Nxc3 10.bxc3 dxc4 11.Bxc4 Bf5 12.Bg5 Qa5 13.d5 Qc5 14.Qb3 b5 15.Be2 Be4
16.Be3 Qxd5 17.Rfd1 Qxb3 18.axb3 Be7 19.Nd2 Bc2 20.Rdc1 Bf5 21.c4 bxc4 22.Nxc4 Nd7
23.Bf3 Rfc8 24.Ra6 Rab8 25.Rxa7 Bf8 26.Na5 Ne5 27.Be2 Ra8 28.Nxc6 Rxa7 29.Nxa7 Rxc1+
30.Bxc1 Bc2 31.Bb2 Nd3 32.Bxd3 Bxd3 33.Bc3 f6 34.Nc6 Be4 35.Na5 Kf7 36.Nc4 Ke6
37.b4 Bd3 38.Ne3 Bd6 39.g3 g5 40.Ng2 Be2 41.h3 f5 42.Bd2 g4  1/2-1/2

[Event "FIDE Grand Prix 2 Pool B"]
[Site "Belgrade SRB"]
[Date "2022.03.04"]
[Round "4.2"]
[White "Tabatabaei,M"]
[Black "Giri,A"]
[Result "1/2-1/2"]
[WhiteElo "2623"]
[BlackElo "2772"]

1.e4 c5 2.Nf3 Nc6 3.Bb5 e6 4.O-O Nge7 5.d4 cxd4 6.Nxd4 Ng6 7.Be3 Be7 8.c3 O-O
9.Nd2 a6 10.Be2 Nxd4 11.cxd4 b5 12.a4 bxa4 13.d5 exd5 14.exd5 Bg5 15.Bxg5 Qxg5
16.Rxa4 Bb7 17.Bf3 Bxd5 18.Ne4 Bxe4 19.Bxe4 Rab8 20.Rxa6 Rxb2 21.Qxd7 Nf4
22.g3 Rd2 23.Qf5 Qxf5 24.Bxf5 Rd5 25.Bxh7+ Kxh7 26.gxf4 Rd4 27.Ra3 Rxf4 28.Rh3+ Kg8
29.Kg2 g6 30.Rf3 Rxf3 31.Kxf3  1/2-1/2

[Event "FIDE Grand Prix 2 Pool B"]
[Site "Belgrade SRB"]
[Date "2022.03.04"]
[Round "4.1"]
[White "Vitiugov,N"]
[Black "Harikrishna,P"]
[Result "1/2-1/2"]
[WhiteElo "2726"]
[BlackElo "2719"]

1.e4 e5 2.Nf3 Nc6 3.Bb5 a6 4.Ba4 Nf6 5.O-O Be7 6.Re1 b5 7.Bb3 O-O 8.a4 b4
9.d3 d6 10.a5 Be6 11.Nbd2 Bxb3 12.Nxb3 Re8 13.h3 h6 14.Nh2 d5 15.Ng4 dxe4
16.Nxf6+ Bxf6 17.Rxe4 Nd4 18.Nxd4 exd4 19.Rxe8+ Qxe8 20.Bd2 Rb8 21.Qf3 Qe5
22.Qc6 Qe6 23.Qc5 b3 24.Re1 Qd7 25.c4 dxc3 26.Bxc3 Qd6 27.Qc4 Bxc3 28.Qxc3 c5
29.Re5 Rd8 30.Rxc5 Qxd3 31.Qxd3  1/2-1/2

[Event "FIDE Grand Prix 2 Pool A"]
[Site "Belgrade SRB"]
[Date "2022.03.04"]
[Round "4.2"]
[White "Shankland,S"]
[Black "Bacrot,E"]
[Result "1/2-1/2"]
[WhiteElo "2708"]
[BlackElo "2642"]

1.d4 d5 2.c4 dxc4 3.e4 b5 4.a4 c6 5.Nc3 b4 6.Nb1 Ba6 7.Qc2 Nf6 8.Nd2 Qxd4
9.Ngf3 b3 10.Nxd4 bxc2 11.f3 e6 12.Nxc2 Be7 13.Nxc4 O-O 14.Be3 c5 15.Ne5 Bxf1
16.Rxf1 Nfd7 17.Nc4 Nc6 18.Ke2 Nb6 19.Nd2 Rab8 20.b3 Rfd8 21.Rfc1 f5 22.Rab1 fxe4
23.fxe4 Rb7 24.Ne1 Nd4+ 25.Bxd4 Rxd4 26.Nef3 Rb4 27.Ne5 Rd4 28.Nc6 Rxd2+
29.Kxd2 Bg5+ 30.Ke2 Bxc1 31.Rxc1 Nd7 32.Rd1 Nf6 33.Rd8+ Kf7 34.Ra8 Kg6 35.Rxa7 Rxb3
36.a5 Nxe4 37.Re7 Kf6 38.a6 Nc3+ 39.Kd2 Ra3 40.a7 Nb5 41.Rb7 Ra2+ 42.Ke3 Nxa7
43.Rxa7 Rxg2 44.Ra5  1/2-1/2

[Event "FIDE Grand Prix 2 Pool A"]
[Site "Belgrade SRB"]
[Date "2022.03.04"]
[Round "4.1"]
[White "Andreikin,D"]
[Black "Grischuk,A"]
[Result "1/2-1/2"]
[WhiteElo "2724"]
[BlackElo "2764"]

1.d4 Nf6 2.c4 g6 3.Nc3 d5 4.cxd5 Nxd5 5.e4 Nxc3 6.bxc3 Bg7 7.Nf3 c5 8.Be3 Qa5
9.Qd2 Nc6 10.Rb1 a6 11.Rc1 cxd4 12.cxd4 Qxd2+ 13.Kxd2 e6 14.Bd3 O-O 15.h4 Rd8
16.e5 h6 17.h5 g5 18.Nxg5 Nxd4 19.Bh7+ Kf8 20.Nxf7 Kxf7 21.Rc7+ Kf8 22.Rd1 Nf5+
23.Ke2 Rxd1 24.Bc5+ Ke8 25.Kxd1 Bd7 26.Bg6+ Kd8 27.Bb6 Rc8 28.Rc6+ Ke7 29.Bc5+ Kd8
30.Bb6+ Ke7 31.Bc5+ Kd8 32.Bb6+  1/2-1/2

[Event "FIDE Grand Prix 2 Pool B"]
[Site "Belgrade SRB"]
[Date "2022.03.06"]
[Round "5.1"]
[White "Tabatabaei,M"]
[Black "Vitiugov,N"]
[Result "1/2-1/2"]
[WhiteElo "2623"]
[BlackElo "2726"]

1.e4 e5 2.Nf3 Nc6 3.Bc4 Bc5 4.O-O Nf6 5.d3 d6 6.c3 h6 7.Re1 O-O 8.h3 a5 9.a4 Be6
10.Bxe6 fxe6 11.Be3 Bxe3 12.Rxe3 Qd7 13.Nbd2 b6 14.Nf1 Rf7 15.N1h2 Raf8 16.g3 d5
17.Re1 Qd6 18.Kg2 Nd7 19.Qc2 Nc5 20.Rab1 Nd7 21.Re2 Qc5 22.Nh4 Qd6 23.Rbe1 Ne7
24.N4f3 Nc6 25.d4 exd4 26.cxd4 Nb4 27.Qc3 c5 28.exd5 Qxd5 29.Rd2 c4 30.Qe3 Nd3
31.Ree2 e5 32.Qe4 Qxe4 33.Rxe4 Nf6 34.Ree2 exd4 35.Nxd4 Rd7 36.Nb5 Ne1+ 37.Kf1 Rxd2
38.Rxd2 Nd3 39.Nc3 Nd7 40.b3 N7e5 41.bxc4 Nc5 42.Ng4 Nxc4 43.Rd4 Nb3 44.Rd5 Rc8
45.Ne4 Nc5 46.Nxc5 Rxc5 47.Rd8+ Kh7 48.Rb8 Rc6 49.f4 Kg6 50.Rb7 h5 51.Ne5+ Nxe5
52.fxe5 Re6 53.Kf2 Rxe5 54.Rxb6+ Kf5 55.Kf3 Rc5 56.g4+ hxg4+ 57.hxg4+ Ke5
58.Rg6 Rc3+  1/2-1/2

[Event "FIDE Grand Prix 2 Pool C"]
[Site "Belgrade SRB"]
[Date "2022.03.06"]
[Round "5.2"]
[White "Vidit,S"]
[Black "Rapport,R"]
[Result "0-1"]
[WhiteElo "2727"]
[BlackElo "2763"]

1.e4 e6 2.d4 d5 3.e5 c5 4.c3 Qb6 5.Nf3 Bd7 6.Be2 cxd4 7.cxd4 Bb5 8.Bxb5+ Qxb5
9.Nc3 Qa6 10.a4 Bb4 11.Bd2 Bxc3 12.Bxc3 Ne7 13.b4 Qc4 14.Rc1 Nbc6 15.Bd2 Qd3
16.Qe2 Qa3 17.O-O Nf5 18.Bc3 Rc8 19.g4 Nfe7 20.Bd2 h5 21.gxh5 Qxa4 22.Ra1 Qc2
23.b5 Nd8 24.Rfc1 Qf5 25.Rxc8 Nxc8 26.Rc1 Ne7 27.Rc7 Rxh5 28.Bb4 Ng6 29.b6 Qb1+
30.Qe1 Qxe1+ 31.Nxe1 axb6 32.Nc2 Rh3 33.Bd6 Nc6 34.Rxb7 Rc3 35.Ne3 Nh4 36.Kf1 Rb3
37.Nc2 Rb2 38.Na3 Nf5 39.Bc5 Nfxd4 40.h4 Nf5 41.Bd6 Rb3 42.Nc2 d4 43.Ke1 Nxh4
44.f4 Nf3+ 45.Kf2 Nfxe5 46.fxe5 Rb2 47.Kf3 Rxc2 48.Rxb6 Rc3+ 49.Kf4 f6 50.exf6 gxf6
51.Rb7 Rc4 52.Ba3 Ra4 53.Bc1 Ra7 54.Rb6 Kd7 55.Ke4 f5+ 56.Kd3 e5 57.Kc4 Kd6
58.Bd2 Ra2 59.Bb4+ Kc7 60.Bc5 Rc2+ 61.Kd5 Ne7+  0-1

[Event "FIDE Grand Prix 2 Pool A"]
[Site "Belgrade SRB"]
[Date "2022.03.06"]
[Round "5.2"]
[White "Bacrot,E"]
[Black "Grischuk,A"]
[Result "1/2-1/2"]
[WhiteElo "2642"]
[BlackElo "2764"]

1.e4 e5 2.Nf3 Nc6 3.Bb5 a6 4.Ba4 Nf6 5.O-O Be7 6.d3 d6 7.c3 O-O 8.Re1 Re8
9.Nbd2 Bf8 10.Nf1 b5 11.Bb3 h6 12.Ng3 Ne7 13.a4 Bb7 14.c4 b4 15.c5 Ng6 16.cxd6 cxd6
17.a5 d5 18.Bd2 Rc8 19.h3 Bc5 20.Ba4 Re6 21.Bb3 Re8 22.Ba4 Re6 23.Bb3 Re8  1/2-1/2

[Event "FIDE Grand Prix 2 Pool A"]
[Site "Belgrade SRB"]
[Date "2022.03.06"]
[Round "5.1"]
[White "Shankland,S"]
[Black "Andreikin,D"]
[Result "1/2-1/2"]
[WhiteElo "2708"]
[BlackElo "2724"]

1.d4 d5 2.c4 e6 3.Nc3 a6 4.cxd5 exd5 5.Nf3 Nf6 6.Bg5 Be6 7.e3 Nbd7 8.Bd3 h6
9.Bh4 Bd6 10.Bg3 Bxg3 11.hxg3 O-O 12.Ne2 c5 13.dxc5 Qa5+ 14.Qd2 Qxd2+ 15.Nxd2 Nxc5
16.Bc2 Rfc8 17.f3 Rc7 18.Nd4 Rac8 19.Ke2 Bd7 20.Bd3 Ba4 21.Bf5 Bd7 22.Bd3 Ba4
23.Bf5 Bd7 24.Bd3  1/2-1/2

[Event "FIDE Grand Prix 2 Pool B"]
[Site "Belgrade SRB"]
[Date "2022.03.06"]
[Round "5.2"]
[White "Giri,A"]
[Black "Harikrishna,P"]
[Result "1/2-1/2"]
[WhiteElo "2772"]
[BlackElo "2719"]

1.d4 Nf6 2.c4 e6 3.Nf3 d5 4.Nc3 Bb4 5.Qa4+ Nc6 6.e3 O-O 7.Qc2 Re8 8.Bd2 Bf8
9.a3 a6 10.Rd1 b6 11.Bd3 Bb7 12.O-O h6 13.Bc1 Na5 14.cxd5 exd5 15.b4 Nc6
16.Bb2 Nb8 17.Ne5 c5 18.bxc5 bxc5 19.Ne2 c4 20.Bf5 Bc8 21.Nc3 Ra7 22.Bxc8 Qxc8
23.e4 dxe4 24.Rfe1 Nbd7 25.Nxe4 Nxe4 26.Rxe4 Nf6 27.Ree1 Rc7 28.Bc3 Bxa3
29.Ba5 Rce7 30.Nxc4 Rxe1+ 31.Bxe1 Bf8  1/2-1/2

[Event "FIDE Grand Prix 2 Pool C"]
[Site "Belgrade SRB"]
[Date "2022.03.07"]
[Round "6.1"]
[White "Fedoseev,Vl3"]
[Black "Vidit,S"]
[Result "1/2-1/2"]
[WhiteElo "2704"]
[BlackElo "2727"]

1.e4 e5 2.Nf3 Nf6 3.Nxe5 d6 4.Nf3 Nxe4 5.Nc3 Nxc3 6.dxc3 Be7 7.Be3 O-O 8.Qd2 Nd7
9.O-O-O Re8 10.Kb1 Nf6 11.Bd3 d5 12.h3 c5 13.c4 b5 14.cxd5 c4 15.d6 cxd3
16.dxe7 dxc2+ 17.Qxc2 Qxe7 18.Rhe1 Bb7 19.Ka1 Be4 20.Qd2 Qb7 21.Nh4 Qa6 22.Qd6 Qxd6
23.Rxd6 a5 24.b3 a4 25.Kb2 Rec8 26.Rc1 a3+ 27.Ka1 Nd5 28.Nf5 Re8 29.Bd2 Bxf5
30.Rxd5 Be4 31.Rxb5 Bxg2 32.h4 h6 33.Rg1 Re2 34.Be3 Kh7 35.Rc5 Bh3 36.h5 Rc8
37.Ra5 Bg4 38.Rxa3 Bxh5 39.Ra5 g5 40.b4 f5 41.Ra7+ Kg6 42.Ra6+ Kh7 43.Rh1 f4
44.Bc5 Rd8 45.b5 Bf3 46.Rhxh6+ Kg8 47.Rhg6+ Kh7 48.Rgd6 Rxd6 49.Rxd6 Re5
50.Rd7+ Kg6 51.Rc7 g4 52.b6 g3 53.fxg3 fxg3 54.Bd4 g2 55.Rc1 Re2 56.a3 Rd2
57.Bc5 Bd5 58.Kb1 Be4+ 59.Ka1 Bd5  1/2-1/2

[Event "FIDE Grand Prix 2 Pool B"]
[Site "Belgrade SRB"]
[Date "2022.03.07"]
[Round "6.2"]
[White "Harikrishna,P"]
[Black "Tabatabaei,M"]
[Result "0-1"]
[WhiteElo "2719"]
[BlackElo "2623"]

1.e4 e5 2.Nf3 Nc6 3.Bb5 a6 4.Ba4 Nf6 5.O-O Nxe4 6.d4 b5 7.Bb3 d5 8.dxe5 Be6
9.Be3 Be7 10.c3 O-O 11.Nbd2 Bg4 12.h3 Nxd2 13.hxg4 Nxf1 14.Kxf1 Na5 15.Bxd5 c6
16.Be4 Qxd1+ 17.Rxd1 Nc4 18.Bc1 Rad8 19.Re1 c5 20.g3 Nb6 21.Kg2 Rd7 22.Bf5 Rdd8
23.Be4 Rd7 24.Bc2 Re8 25.Bf5 Rdd8 26.Be4 Nd5 27.Bd2 c4 28.b3 b4 29.Bxd5 Rxd5
30.cxb4 Red8 31.Re2 Rc8 32.bxc4 Rxc4 33.Bf4 Rxb4 34.Rc2 Kf8 35.Rc8+ Rd8 36.Rc7 Ra4
37.Rc2 Ke8 38.g5 Rd5 39.Be3 Kd7 40.Bb6 Bd8 41.Be3 Rda5 42.Rc1 Rxa2 43.Rh1 Be7
44.Rxh7 Bf8 45.Bd4 Rd5 46.e6+ Kxe6 47.Bxg7 Bxg7 48.Rxg7 a5 49.g6 fxg6 50.Rxg6+ Kd7
51.g4 a4 52.Ra6 Kc7 53.g5 Kb7 54.Re6 Rc2 55.Re3 Ra5 56.Ra3 Kc7 57.g6 Kd6
58.Nd4 Rg5+ 59.Kh3 Rc1 60.Kh2 Rc4 61.f4 Rxg6 62.Rd3  0-1

[Event "FIDE Grand Prix 2 Pool A"]
[Site "Belgrade SRB"]
[Date "2022.03.07"]
[Round "6.2"]
[White "Grischuk,A"]
[Black "Shankland,S"]
[Result "1/2-1/2"]
[WhiteElo "2764"]
[BlackElo "2708"]

1.e4 c5 2.Nf3 d6 3.Bb5+ Nd7 4.d4 cxd4 5.Nxd4 Nf6 6.c4 g6 7.Nc3 Bg7 8.O-O O-O
9.Bxd7 Bxd7 10.Qd3 a6 11.a4 Ng4 12.Nf3 b5 13.axb5 axb5 14.Rxa8 Qxa8 15.cxb5 Bxc3
16.bxc3 Qa4 17.Qd4 Bxb5 18.Qxa4 Bxa4 19.h3 Nf6 20.e5 dxe5 21.Nxe5 Rc8 22.Ba3 Rxc3
23.Bxe7 Nd5 24.Ra1 Nxe7 25.Rxa4 Rc7 26.Rc4 Rxc4 27.Nxc4 Kg7 28.g3 Kf6 29.Kg2 Ke6
30.Nd2 f6  1/2-1/2